Lack of affordable housing (Record no. 118313)
[ view plain ]
| 000 -LEADER | |
|---|---|
| fixed length control field | 01186cam a2200217 4500 |
| 001 - CONTROL NUMBER | |
| control field | WB@3612-414 |
| 008 - FIXED-LENGTH DATA ELEMENTS--GENERAL INFORMATION | |
| fixed length control field | 041116n2004 000 0 eng u |
| 035 ## - SYSTEM CONTROL NUMBER | |
| System control number | (Sirsi) u128003 |
| 245 ## - TITLE STATEMENT | |
| Title | Lack of affordable housing |
| 260 ## - PUBLICATION, DISTRIBUTION, ETC. | |
| Date of publication, distribution, etc. | 2004 |
| 490 ## - SERIES STATEMENT | |
| Series statement | Planning (for the Natural and Built Environment) |
| Volume/sequential designation | 12 November 2004 3(1) |
| 490 ## - SERIES STATEMENT | |
| Series statement | CPRE Press Release |
| Volume/sequential designation | (62/04) 4 November 2004 (4) |
| 520 ## - SUMMARY, ETC. | |
| Summary, etc. | The Campaign to Protect Rural England has just published a report which claims that a lack of affordable homes is the cause of the UK's housing crisis - rather than an overall shortage of houses. "Housing the nation: meeting the need for affordable housing" points out that between 1950 and 1980 more than 100 000 affordable houses were built by social housing providers each year in England. Since 1985 the number has fallen to less than 25 000 per annum and stood at less than 14 000 in 2002. The report can be downloaded from: http://www.cpre.org.uk/news-releases/news-rel-2004 /62-04.htm. |
| 590 ## - LOCAL NOTE (RLIN) | |
| Local note | WB |
| 590 ## - LOCAL NOTE (RLIN) | |
| Local note | WB |
| 650 ## - SUBJECT ADDED ENTRY--TOPICAL TERM | |
| Topical term or geographic name entry element | Affordable housing |
| 9 (RLIN) | 6215 |
| 650 ## - SUBJECT ADDED ENTRY--TOPICAL TERM | |
| Topical term or geographic name entry element | HOUSING SUPPLY |
| 650 ## - SUBJECT ADDED ENTRY--TOPICAL TERM | |
| Topical term or geographic name entry element | SOCIAL HOUSING |
| 690 ## - LOCAL SUBJECT ADDED ENTRY--TOPICAL TERM (OCLC, RLIN) | |
| Topical term or geographic name as entry element | HOUSING-DEVELOPMENT |
| 942 ## - ADDED ENTRY ELEMENTS (KOHA) | |
| Suppress in OPAC | 0 |
| Withdrawn status | Lost status | Source of classification or shelving scheme | Damaged status | Not for loan | Home library | Current library | Shelving location | Date acquired | Total Checkouts | Full call number | Barcode | Date last seen | Copy number | Price effective from | Koha item type |
|---|---|---|---|---|---|---|---|---|---|---|---|---|---|---|---|
| Dewey Decimal Classification | London | London | News article | 16/11/2004 | WB4044-11 | 128003-1001 | 06/08/2019 | 1 | 06/08/2019 | News article |